000 00456nam a2200169Ia 4500
008 180921t2016 xxu||||| |||| 00| 0 sin d
041 _asin
080 _a34
_bJAY
100 _aJayakumar, T
245 _aනීති ප්‍රෙව්ශයට අත්වැලක්
246 _aNeethi Preweshayata Athwelak
260 _bAuthor
_as.l.
_c2016
300 _b232p, 21cm
942 _cBK
999 _c2682
_d2682
003 LK-CoDNM
040 _aLK-CoDNM
_dLK-CoDNM
_eLK-CoDNM